000 00303nam a2200121Ia 4500
008 220217s9999||||xx |||||||||||||| ||und||
082 _a510 CHA
100 _aK.S.C
245 0 _aEngineering mathematics
260 _aSubhas Publications
_bBangalore
_c2002
300 _b210
650 _aMATHEMATICS
999 _c167587
_d167587